| 000 | 01450nab a2200313 a 4500 | ||
|---|---|---|---|
| 005 | 20210219163158.0 | ||
| 008 | 991125s1985 mx 000 0 spa u | ||
| 035 | _aUPN01000217822 | ||
| 049 | _aART | ||
| 100 | 1 | _aMellado, Claudia | |
| 100 | 1 | _uclaudia.mellado@pucv.cl | |
| 100 | 1 | _aCabello, Patricio | |
| 100 | 1 | _upatricio.cabello@pucv.cl | |
| 100 | 1 | _aTorres, Rodrigo | |
| 100 | 1 | _urodrigo.torres@bnf.fr | |
| 222 | 0 | _aCOMUNICACION Y SOCIEDAD | |
| 245 | 0 | 0 | _aModelos periodísticos y el uso de actores y fuentes en la cobertura de asuntos sociales en la postdictadura chilena : 1990-2010 |
| 260 | _aZapopan, Jalisco | ||
| 300 | _a59-86 | ||
| 362 | 0 | _a2017 Número 28, enero-abril | |
| 520 | 3 | _aA través de un análisis de contenido crosslongitudinal (N = 2.431) de la cobertura de asuntos sociales en la prensa chilena (1990-2010), este artículo caracteriza el uso de fuentes y actores, y la presencia de los modelos periodísticos de infoentretenimiento (infotainment) y “cívico”. Los resultados muestran diferencias significativas en el uso de fuentes y actores, así como una evolución importante del periodismo cívico y de infoentretenimiento a lo largo del tiempo | |
| 653 | 0 | _aPERIODISMO | |
| 653 | 0 | _aSOCIEDAD CIVIL | |
| 653 | 0 | _aINFOENTRETENIMIENTO | |
| 653 | 0 | _aCIUDADANIA NO ORGANIZADA | |
| 653 | 0 | _aTEMAS SOCIALES | |
| 856 | 4 | _uhttp://www.redalyc.org/articulo.oa?id=34649149004 | |
| 905 | _aArticulo | ||
| 999 |
_c189922 _d189922 |
||